Occupational safety & health (OSH) : a TQM & quality of work life approach (Record no. 201337)

MARC details
000 -LEADER
fixed length control field 00328nam a2200097Ia 4500
082 ## - DEWEY DECIMAL CLASSIFICATION NUMBER
Classification number 363.110968|OCCU
008 - FIXED-LENGTH DATA ELEMENTS--GENERAL INFORMATION
fixed length control field 210817s9999 xx 000 0 und d
100 ## - MAIN ENTRY--PERSONAL NAME
Personal name Steenkamp, Rigard Cape Town, South Africa, 2013
9 (RLIN) 63528
245 #0 - TITLE STATEMENT
Title Occupational safety & health (OSH) : a TQM & quality of work life approach
942 ## - ADDED ENTRY ELEMENTS
item type Books
Holdings
Withdrawn status Lost status Damaged status Not for loan Home library Current library Date acquired Cost, normal purchase price Total Checkouts Barcode Date last seen Price effective from item type
        Emthonjeni PL (MMID-PLEMA-EMTH) Emthonjeni PL (MMID-PLEMA-EMTH) 18.08.2021 400.00   3322810089925 18.08.2021 18.08.2021 Books